Regulation microsite (Record no. 120709)
[ view plain ]
| 000 -LEADER | |
|---|---|
| fixed length control field | 01122cai a22001815a 4500 |
| 001 - CONTROL NUMBER | |
| control field | L145572 |
| 008 - FIXED-LENGTH DATA ELEMENTS--GENERAL INFORMATION | |
| fixed length control field | 081022s2008 xxk g 000 0 eng d |
| 035 ## - SYSTEM CONTROL NUMBER | |
| System control number | (Sirsi) u145572 |
| 041 0# - LANGUAGE CODE | |
| Language code of text/sound track or separate title | eng |
| 110 2# - MAIN ENTRY--CORPORATE NAME | |
| Corporate name or jurisdiction name as entry element | Royal Institution of Chartered Surveyors |
| 9 (RLIN) | 4900 |
| 245 00 - TITLE STATEMENT | |
| Title | Regulation microsite |
| Medium | [electronic resource] |
| 520 ## - SUMMARY, ETC. | |
| Summary, etc. | Microsite introduces simple sets of principles for the regulation of RICS members and firms. Information for firms has been grouped under rules, policies and help sheets and these are colour coded for ease of access. Details of disciplinary cases against members are also included, as is information for those who wish to make a complaint. RICS regulation also provide accreditation for statutory schemes including Home Inspector Certification and Domestic Energy Assessor Accreditation, with links provided to the requisite schemes. |
| 590 ## - LOCAL NOTE (RLIN) | |
| Local note | KA NTK |
| 651 #4 - SUBJECT ADDED ENTRY--GEOGRAPHIC NAME | |
| Geographic name | United Kingdom |
| Chronological subdivision | |
| 690 ## - LOCAL SUBJECT ADDED ENTRY--TOPICAL TERM (OCLC, RLIN) | |
| Topical term or geographic name as entry element | ABOUT RICS-RICS PROFESSIONAL REGULATION AND CONSUMER PROTECTION |
| 856 40 - ELECTRONIC LOCATION AND ACCESS | |
| Uniform Resource Identifier | <a href="https://www.rics.org/newregulation/">https://www.rics.org/newregulation/</a> |
| Public note | View the microsite free of charge online at www.rics.org... |
| 942 ## - ADDED ENTRY ELEMENTS (KOHA) | |
| Suppress in OPAC | 0 |
| Withdrawn status | Lost status | Source of classification or shelving scheme | Damaged status | Not for loan | Home library | Current library | Shelving location | Date acquired | Total Checkouts | Full call number | Barcode | Date last seen | Copy number | Price effective from | Koha item type |
|---|---|---|---|---|---|---|---|---|---|---|---|---|---|---|---|
| Dewey Decimal Classification | Virtual | Virtual | Online | 22/10/2008 | ONLINE PUBLICATION | 145572-1001 | 06/08/2019 | 1 | 06/08/2019 | Online material |